Presnosť systémov reverzného inžinierstva

Enregistré dans:
Détails bibliographiques
Auteur principal: Kovalčíková, Kristína (Auteur)
Autres auteurs: Beniak, Juraj (Directeur de thèse)
Format: Manuscrit Livre
Langue:slovaque
Publié: 2024
Sujets:
Accès en ligne:http://is.stuba.sk/zp/portal_zp.pl?podrobnosti=178186
Tags: Ajouter un tag
Pas de tags, Soyez le premier à ajouter un tag!

MARC

LEADER 00000ntm a22000003a 4500
001 stuzp100329
003 SK-STU
005 20250304112020.4
007 ta
008 150427s2015----xo-----f-mn---000-0-slo-d
040 |a STU  |b slo 
041 0 |a slo 
100 1 |a Kovalčíková, Kristína  |u 020070  |4 aut  |U SjF Strojnícka fakulta  |T SjF Ústav výrobného inžinierstva a kvality produkcie  |X 122426  |U J0070  |Y 804  |7 122426 
242 0 1 |a Accuracy of reverse engineering systems  |y eng 
245 1 0 |a Presnosť systémov reverzného inžinierstva 
260 |c 2024 
650 4 |a reverzné inžinierstvo  |2 slo 
650 4 |a 3D skenovanie  |2 slo 
650 4 |a 3D tlač  |2 slo 
650 4 |a reverse engineering  |2 eng 
650 4 |a 3D scanning  |2 eng 
650 4 |a 3D printing  |2 eng 
700 1 |a Beniak, Juraj  |u 020070  |k Z1  |4 ths  |U SjF Strojnícka fakulta  |T SjF Ústav výrobného inžinierstva a kvality produkcie  |X 2226  |U J0070  |Y 804  |7 A000002226 
856 4 |u http://is.stuba.sk/zp/portal_zp.pl?podrobnosti=178186 
996 |b 284J047755  |c J* 3845/DDP  |l JJSK  |s A  |a 24  |w stuzp100329_0001